000 00555nam a2200181Ia 4500
005 20250508153524.0
008 008 250505s9999 xx 000 0 eng d
037 _aBooks to be hide in OPAC
040 _aFEDL
_beng
_cFEDL
041 _aeng
_2eng
084 _a150, BUR/O
_qFEDL
245 0 _aIts scope and its importance to the country
245 0 _cBureau of Psychology United Provinces Allahabad
260 _aAllahabad, India
_bBureau of Psychology
_c1948
300 _a14p.
942 _cHB
_h150, BUR/O
999 _c1343475
_d1343475